Operations Research: (Record no. 595351)

000 -LEADER
fixed length control field 00393nam a22001457a 4500
020 ## - INTERNATIONAL STANDARD BOOK NUMBER
International Standard Book Number 9780849322563
040 ## - CATALOGING SOURCE
Transcribing agency NUST
082 ## - DEWEY DECIMAL CLASSIFICATION NUMBER
Classification number 658.4034 CAR
100 ## - MAIN ENTRY--PERSONAL NAME
Personal name Carter, Michael W
9 (RLIN) 113914
110 ## - MAIN ENTRY--CORPORATE NAME
Corporate name or jurisdiction name as entry element Price, Camille C
9 (RLIN) 113934
245 ## - TITLE STATEMENT
Title Operations Research:
Remainder of title A Practical Introduction
260 ## - PUBLICATION, DISTRIBUTION, ETC.
Place of publication, distribution, etc. Boca Raton:
Name of publisher, distributor, etc. CRC Press,
Date of publication, distribution, etc. 2001.
650 ## - SUBJECT ADDED ENTRY--TOPICAL TERM
Topical term or geographic name entry element Operations Research
942 ## - ADDED ENTRY ELEMENTS (KOHA)
Source of classification or shelving scheme
Koha item type Text Books
Holdings
Withdrawn status Lost status Source of classification or shelving scheme Damaged status Not for loan Permanent Location Current Location Shelving location Date acquired Total Checkouts Full call number Barcode Date last seen Price effective from Koha item type
          College of Electrical & Mechanical Engineering (CEME) College of Electrical & Mechanical Engineering (CEME) Text Books 08/02/2023   658.4034 CAR CEME-50917 08/02/2023 08/02/2023 Text Books
© 2023 Central Library, National University of Sciences and Technology. All Rights Reserved.